[Event "75th UKR-ch"]
[Site "Poltava UKR"]
[Date "2006.11.25"]
[Round "1.4"]
[White "Tukhaev, Adam"]
[WhiteElo "2464"]
[Black "Kuzubov, Yuriy"]
[BlackElo "2559"]
[Result "1-0"]
[EventDate "2006.11.??"]
[PlyCount "77"]

1. e4 c5 2. Nf3 Nc6 3. Bb5 g6 4. O-O Bg7 5. c3 Nf6 6. e5 Nd5 7. d4 cxd4 8. cxd4 Nc7 9. a4 O-O 10. Nc3 a6 11. Bc4 d5 12. exd6 Qxd6 13. d5 Na5 14. Ba2 Bf5 15. Nd4 Bd7 16. Be3 Qb4 17. Qd3 b5 18. axb5 Nxb5 19. Ncxb5 axb5 20. Rac1 Rfc8 21. b3 Qd6 22. Ne2 Qa3 23. Bb1 Qxb3 24. Qe4 Bf5 25. Qxe7 Qxd5 26. Nf4 Qd7 27. Qb4 Rxc1 28. Rxc1 Nc4 29. Bc5 Re8 30. h3 Bh6 31. Bxf5 Qxf5 32. Qxb5 Nd6 33. Qc6 Rc8 34. Bxd6 Rxc6 35. Rxc6 Bxf4 36. Bxf4 Qxf4 37. Rc3 Kg7 38. g3 Qd4 39. Re3 1-0

[Event "75th UKR-ch"]
[Site "Poltava UKR"]
[Date "2006.11.24"]
[Round "1.1"]
[White "Sumets, Andrei"]
[WhiteElo "2523"]
[Black "Neverov, Valeriy"]
[BlackElo "2538"]
[Result "1/2-1/2"]
[EventDate "2006.11.??"]
[PlyCount "39"]

1. d4 Nf6 2. c4 g6 3. Nc3 d5 4. Nf3 Bg7 5. Bf4 c6 6. e3 O-O 7. Be2 dxc4 8. Bxc4 Bg4 9. h3 Bxf3 10. Qxf3 Nbd7 11. O-O Qa5 12. Bb3 e5 13. dxe5 Nxe5 14. Qe2 Nfd7 15. Ne4 Nc5 16. Nxc5 Qxc5 17. Rfd1 a5 18. Rac1 Qe7 19. Qc2 Rfd8 20. Rxd8+ 1/2-1/2

[Event "75th UKR-ch"]
[Site "Poltava UKR"]
[Date "2006.11.25"]
[Round "1.2"]
[White "Neverov, Valeriy"]
[WhiteElo "2538"]
[Black "Sumets, Andrei"]
[BlackElo "2523"]
[Result "0-1"]
[EventDate "2006.11.??"]
[PlyCount "56"]

1. c4 c6 2. Nf3 d5 3. e3 Nf6 4. Nc3 a6 5. b3 Bg4 6. Be2 Nbd7 7. h3 Bh5 8. Bb2 e6 9. O-O Bd6 10. Nd4 Bxe2 11. Ncxe2 O-O 12. f4 Re8 13. g4 c5 14. Nf3 e5 15. fxe5 Nxe5 16. Rc1 d4 17. Nxe5 Bxe5 18. exd4 cxd4 19. d3 h5 20. gxh5 Nxh5 21. Rf3 Qg5+ 22. Kh1 Bc7 23. Rc2 Re3 24. Rxe3 dxe3 25. Qf1 Qg6 26. Rc1 Qxd3 27. Kg2 Qg6+ 28. Kh1 Rd8 0-1

[Event "75th UKR-ch"]
[Site "Poltava UKR"]
[Date "2006.11.25"]
[Round "1.2"]
[White "Eljanov, Pavel"]
[WhiteElo "2658"]
[Black "Zherebukh, Yaroslav"]
[BlackElo "2321"]
[Result "1-0"]
[EventDate "2006.11.??"]
[PlyCount "71"]

1. c4 c5 2. Nf3 Nc6 3. d4 cxd4 4. Nxd4 g6 5. e4 Bg7 6. Be3 Nf6 7. Nc3 d6 8. Be2 O-O 9. O-O Nxd4 10. Bxd4 Be6 11. b3 a6 12. f4 Rc8 13. Qd3 Re8 14. Kh1 Qa5 15. Qe3 b5 16. cxb5 axb5 17. Nxb5 Qb4 18. f5 Bd7 19. a3 Qa5 20. b4 Qa8 21. Nc3 e5 22. fxe6 Rxe6 23. Bf3 Bc6 24. Qf2 Rf8 25. b5 Nxe4 26. Bxe4 Bxe4 27. Bxg7 Kxg7 28. a4 d5 29. a5 Kg8 30. a6 Bd3 31. Rfd1 Bc4 32. Qd4 Rd8 33. h3 Rdd6 34. a7 Rd7 35. b6 Rc6 36. Ne4 1-0

[Event "75th UKR-ch"]
[Site "Poltava UKR"]
[Date "2006.11.24"]
[Round "1.1"]
[White "Zubov, Alexander"]
[WhiteElo "2537"]
[Black "Vysochin, Spartak"]
[BlackElo "2531"]
[Result "1/2-1/2"]
[EventDate "2006.11.??"]
[PlyCount "171"]

1. d4 d5 2. c4 c6 3. Nf3 Nf6 4. Nc3 a6 5. c5 Nbd7 6. Bf4 Nh5 7. Bg5 h6 8. Bd2 Nhf6 9. Bf4 Nh5 10. Be5 Nxe5 11. Nxe5 Nf6 12. e3 Bf5 13. Bd3 Bxd3 14. Qxd3 e6 15. O-O Be7 16. Na4 O-O 17. Nb6 Rb8 18. b4 Qe8 19. a4 Bd8 20. b5 Bxb6 21. cxb6 axb5 22. axb5 Nd7 23. Rfc1 Nxb6 24. bxc6 bxc6 25. Qa6 Nd7 26. Nxc6 Ra8 27. Qb7 Rxa1 28. Rxa1 Nb8 29. Ne5 Qc8 30. Rb1 f6 31. Ng6 Qxb7 32. Rxb7 Re8 33. h4 Nc6 34. Rc7 Na5 35. Nf4 e5 36. Nxd5 exd4 37. Ne7+ Kh8 38. Ng6+ Kg8 39. exd4 Nb3 40. Ne7+ Kf8 41. Ng6+ Kg8 42. d5 Nd4 43. Rd7 h5 44. Ne7+ Kf8 45. Ng6+ Kg8 46. Kh1 Ra8 47. g3 Kh7 48. Ne7 Kh6 49. Rb7 g5 50. hxg5+ Kxg5 51. Kg2 Rd8 52. f4+ Kg4 53. Nc6 Nxc6 54. Rg7+ Kf5 55. dxc6 Rd2+ 56. Kh3 Rc2 57. Rc7 Ke4 58. Rc8 Kf3 59. Ra8 Rxc6 60. Kh4 Rc5 61. Ra6 Rf5 62. Re6 Kf2 63. Re7 Ra5 64. Rg7 Kf3 65. Rf7 Rf5 66. Re7 Ra5 67. Rb7 Rc5 68. Rb6 Rf5 69. Re6 Kg2 70. Re7 Kf3 71. Rb7 Kg2 72. Rb3 Kf2 73. Rb8 Kf3 74. Kh3 Ra5 75. Rb3+ Ke4 76. Kh4 Rf5 77. Ra3 Rb5 78. g4 hxg4 79. Kxg4 f5+ 80. Kg5 Rb8 81. Ra4+ Kf3 82. Kxf5 Rf8+ 83. Ke5 Re8+ 84. Kd5 Rf8 85. Ke5 Re8+ 86. Kd5 1/2-1/2

[Event "75th UKR-ch"]
[Site "Poltava UKR"]
[Date "2006.11.25"]
[Round "1.2"]
[White "Vysochin, Spartak"]
[WhiteElo "2531"]
[Black "Zubov, Alexander"]
[BlackElo "2537"]
[Result "1/2-1/2"]
[EventDate "2006.11.??"]
[PlyCount "216"]

1. e4 c5 2. c3 d5 3. exd5 Qxd5 4. d4 Nf6 5. Nf3 e6 6. Na3 Qd8 7. Nc2 Nc6 8. Bd3 Be7 9. O-O O-O 10. Bf4 b6 11. dxc5 bxc5 12. Qe2 Bb7 13. Rfd1 Qc8 14. h3 Rd8 15. Na3 g6 16. Nc4 Nd5 17. Bg3 Nb6 18. Nce5 Nd5 19. Re1 Nxe5 20. Nxe5 Bd6 21. Rad1 Qc7 22. c4 Nb4 23. Bb1 Nc6 24. Nxf7 Bxg3 25. Nxd8 Bh2+ 26. Kh1 Nxd8 27. Be4 Bf4 28. Qf3 Nc6 29. Qg4 Kg7 30. Bf3 Re8 31. Re4 Bd6 32. Rxe6 Rxe6 33. Qxe6 Nd4 34. Rxd4 cxd4 35. Bxb7 Qxb7 36. Qxd6 Qxb2 37. c5 Qc1+ 38. Kh2 d3 39. Qd4+ Kf7 40. Qxd3 Qxc5 41. f4 h5 42. Kg3 Kg7 43. Kf3 Kh7 44. g4 hxg4+ 45. hxg4 Qg1 46. Qd7+ Kg8 47. Qc8+ Kh7 48. Qc7+ Kg8 49. Qc4+ Kg7 50. g5 Qb6 51. Ke4 Qb7+ 52. Kd4 Qb6+ 53. Kd3 Qb7 54. Kc3 Kh7 55. a4 Qf3+ 56. Kb4 Qb7+ 57. Qb5 Qe4+ 58. Ka5 Qxf4 59. Ka6 Kg8 60. Kxa7 Qd4+ 61. Ka8 Qe4+ 62. Kb8 Qf4+ 63. Kc8 Qf8+ 64. Kb7 Qf3+ 65. Qc6 Qb3+ 66. Ka8 Qd3 67. Qe8+ Kh7 68. Qe7+ Kg8 69. Qe6+ Kh7 70. Kb7 Qb1+ 71. Qb6 Qf5 72. Qc7+ Kg8 73. a5 Qxg5 74. Qc4+ Kh7 75. a6 Qg2+ 76. Qc6 Qb2+ 77. Kc8 Qh8+ 78. Kc7 Qe5+ 79. Qd6 Qe3 80. Kc8 Kh6 81. Qc6 Qa7 82. Qh1+ Kg5 83. Qb7 Qc5+ 84. Kb8 Qd6+ 85. Kc8 Qf8+ 86. Kd7 Qf7+ 87. Kd6 Qf6+ 88. Kc5 Qc3+ 89. Kb6 Qb4+ 90. Ka7 Qd4+ 91. Qb6 Qd7+ 92. Kb8 Qe8+ 93. Kc7 Qe7+ 94. Kc8 Kh6 95. a7 Qe8+ 96. Kb7 Qd7+ 97. Kb8 Qe8+ 98. Kc7 Qe7+ 99. Kc6 Qe6+ 100. Kb5 Qb3+ 101. Kc5 Qe3+ 102. Kc6 Qe6+ 103. Kb7 Qd7+ 104. Qc7 Qb5+ 105. Kc8 Qe8+ 106. Qd8 Qc6+ 107. Kb8 Qb5+ 108. Kc8 Qa6+ 1/2-1/2

[Event "75th UKR-ch"]
[Site "Poltava UKR"]
[Date "2006.11.25"]
[Round "1.3"]
[White "Vysochin, Spartak"]
[WhiteElo "2531"]
[Black "Zubov, Alexander"]
[BlackElo "2537"]
[Result "0-1"]
[EventDate "2006.11.??"]
[PlyCount "52"]

1. e4 c5 2. c3 d5 3. exd5 Qxd5 4. d4 Nf6 5. Nf3 e6 6. Na3 Qd8 7. Nc2 Nbd7 8. Bd3 Be7 9. O-O O-O 10. Bf4 b6 11. Qe2 Bb7 12. Rad1 Qc8 13. Rfe1 a6 14. Ne5 b5 15. dxc5 Nxc5 16. Nd4 Nxd3 17. Rxd3 Nd5 18. Bc1 f6 19. Nef3 e5 20. Nb3 e4 21. Qxe4 Nb4 22. Qe2 Nxd3 23. Qxd3 Re8 24. Na5 Bxf3 25. Qxf3 Bb4 26. Qd5+ Kh8 0-1

[Event "75th UKR-ch"]
[Site "Poltava UKR"]
[Date "2006.11.25"]
[Round "1.4"]
[White "Zubov, Alexander"]
[WhiteElo "2537"]
[Black "Vysochin, Spartak"]
[BlackElo "2531"]
[Result "1-0"]
[EventDate "2006.11.??"]
[PlyCount "69"]

1. d4 c5 2. d5 e5 3. e4 d6 4. Nc3 g6 5. h4 h5 6. Nf3 Bg7 7. Ng5 Nh6 8. Bb5+ Nd7 9. Ne6 fxe6 10. dxe6 a6 11. Bg5 Qc7 12. Nd5 Qa5+ 13. Bd2 Qd8 14. e7 Qxe7 15. Nxe7 Kxe7 16. Bxd7 Kxd7 17. Bxh6 Bxh6 18. Qd5 Ke7 19. O-O Rb8 20. Rad1 Rd8 21. Qb3 b5 22. Qg3 Rg8 23. f4 exf4 24. Rxf4 Be6 25. Rxd6 Bxf4 26. Qxf4 Rbd8 27. Rxd8 Rxd8 28. Qg5+ Kd7 29. Qxg6 a5 30. Qxh5 Kc6 31. Qh6 Rd6 32. e5 Rd1+ 33. Kh2 Kd5 34. Qf8 Rd4 35. Qd6+ 1-0

[Event "75th UKR-ch"]
[Site "Poltava UKR"]
[Date "2006.11.26"]
[Round "2.1"]
[White "Boginin, Oleg"]
[WhiteElo "2352"]
[Black "Zinchenko, Yaroslav"]
[BlackElo "2503"]
[Result "1/2-1/2"]
[EventDate "2006.11.??"]
[PlyCount "115"]

1. d4 d5 2. c4 e6 3. Nc3 c6 4. e3 f5 5. g4 Nf6 6. gxf5 exf5 7. cxd5 Nxd5 8. e4 Nxc3 9. bxc3 Qh4 10. exf5 Bxf5 11. Bd3 Bxd3 12. Qxd3 Be7 13. Nf3 Qh5 14. Ne5 O-O 15. Rb1 b6 16. Be3 Bd6 17. Rg1 Bxe5 18. dxe5 Qxe5 19. Rb4 Qf5 20. Qc4+ Rf7 21. Qb3 Nd7 22. Rbg4 g6 23. Rf4 Qd5 24. Qxd5 cxd5 25. Ra4 Ne5 26. Ke2 Nc4 27. Rb4 Raf8 28. Bd4 Re7+ 29. Kf1 Nd2+ 30. Kg2 Rf5 31. Rd1 Nc4 32. Rbb1 Re2 33. Re1 Rg5+ 34. Kh3 Rxe1 35. Rxe1 Kf7 36. Re2 h5 37. f3 Nd6 38. a4 Nc4 39. Kh4 Rf5 40. Kg3 Na5 41. h4 Nc6 42. Be3 Re5 43. Kf2 Ne7 44. Rd2 Nf5 45. Bg5 d4 46. cxd4 Rd5 47. Rc2 Ke6 48. Rc7 Rxd4 49. Rxa7 Nxh4 50. Ra6 Kf5 51. Be3 Rb4 52. Bxb6 g5 53. Be3 Rb2+ 54. Kg3 Rb3 55. Ra5+ Ke6 56. Ra6+ Kf5 57. Ra5+ Ke6 58. Ra6+ 1/2-1/2

[Event "75th UKR-ch"]
[Site "Poltava UKR"]
[Date "2006.11.27"]
[Round "2.2"]
[White "Zinchenko, Yaroslav"]
[WhiteElo "2503"]
[Black "Boginin, Oleg"]
[BlackElo "2352"]
[Result "1/2-1/2"]
[EventDate "2006.11.??"]
[PlyCount "59"]

1. e4 c6 2. d4 d5 3. exd5 cxd5 4. c4 Nf6 5. Nc3 Nc6 6. Nf3 Bg4 7. cxd5 Nxd5 8. Qb3 Bxf3 9. gxf3 Nb6 10. d5 Nd4 11. Bb5+ Nd7 12. Qa4 Nxb5 13. Qxb5 g6 14. O-O Bg7 15. Re1 O-O 16. Bg5 Bf6 17. Bxf6 exf6 18. Rad1 Ne5 19. Re3 Qd7 20. Qxd7 Nxd7 21. Re7 Rfd8 22. Kg2 Kf8 23. Re4 Nb6 24. Rb4 Rac8 25. Rb5 f5 26. Rd4 Rc7 27. Rdb4 Rdd7 28. Ra5 Nc8 29. Rd4 a6 30. Rd3 1/2-1/2

[Event "75th UKR-ch"]
[Site "Poltava UKR"]
[Date "2006.11.27"]
[Round "2.3"]
[White "Boginin, Oleg"]
[WhiteElo "2352"]
[Black "Zinchenko, Yaroslav"]
[BlackElo "2503"]
[Result "0-1"]
[EventDate "2006.11.??"]
[PlyCount "66"]

1. Nf3 d5 2. b3 c6 3. Bb2 Bg4 4. e3 Nd7 5. Be2 e6 6. c4 Ngf6 7. O-O Bd6 8. d3 O-O 9. Nbd2 Qc7 10. h3 Bh5 11. Rc1 a5 12. cxd5 exd5 13. Nd4 Bxe2 14. Qxe2 a4 15. Nb5 Qb8 16. Nxd6 Qxd6 17. bxa4 Rxa4 18. a3 Ne5 19. Nf3 Nxf3+ 20. Qxf3 Rfa8 21. Rfe1 Nd7 22. e4 d4 23. Rc2 h6 24. Rec1 R8a5 25. Rc4 Ne5 26. Qd1 Nxc4 27. dxc4 c5 28. Qb3 Qc6 29. Re1 Ra8 30. e5 Qa6 31. Bc1 Re8 32. Re4 Qxc4 33. Qd1 Qd5 0-1

[Event "75th UKR-ch"]
[Site "Poltava UKR"]
[Date "2006.11.27"]
[Round "2.4"]
[White "Zinchenko, Yaroslav"]
[WhiteElo "2503"]
[Black "Boginin, Oleg"]
[BlackElo "2352"]
[Result "0-1"]
[EventDate "2006.11.??"]
[PlyCount "196"]

1. e4 g6 2. d4 Bg7 3. Nc3 d6 4. Be3 Nf6 5. Qd2 c6 6. h3 b5 7. Bd3 O-O 8. Nf3 Nbd7 9. O-O Bb7 10. a4 b4 11. Ne2 c5 12. Ng3 cxd4 13. Bxd4 a5 14. Rfe1 e5 15. Be3 d5 16. Bh6 d4 17. Bxg7 Kxg7 18. Qg5 Ne8 19. Qxd8 Rxd8 20. Nd2 Nd6 21. Nb3 Ra8 22. Nf1 Rfc8 23. Nfd2 Nb6 24. f4 f6 25. fxe5 fxe5 26. Nf3 Ndc4 27. Ra2 h6 28. Nc1 Re8 29. Nb3 Rac8 30. Re2 Rc7 31. Nfd2 Nxd2 32. Nxd2 Bc8 33. Ra1 Be6 34. Nf3 Bg8 35. b3 Nc8 36. Rd1 Nd6 37. Nd2 Rf8 38. Rf2 Rxf2 39. Kxf2 g5 40. Ke2 Be6 41. Rf1 Bf7 42. Nf3 Rc5 43. Nd2 Bh5+ 44. Ke1 Bg6 45. Ke2 Rc7 46. Rf2 Re7 47. Rf1 Nb7 48. Re1 Nc5 49. g3 Bh5+ 50. Kf2 Bf7 51. Bc4 Bxc4 52. Nxc4 d3 53. Rc1 dxc2 54. Rxc2 Nxb3 55. Ne3 Nd4 56. Rc1 Rf7+ 57. Nf5+ Nxf5 58. exf5 Rxf5+ 59. Ke3 Rf7 60. Ke4 Rb7 61. Kxe5 b3 62. Kd4 b2 63. Rb1 Kf6 64. Kd5 Rb4 65. g4 Ke7 66. Ke5 Kd7 67. Kd5 Kc7 68. Kc5 Kb7 69. Kd6 Ka7 70. Kc6 Ka6 71. Kc5 Kb7 72. Kd6 Kc8 73. Kc6 Kd8 74. Kd6 Rb6+ 75. Kc5 Kc7 76. Kd5 Kd7 77. Kc5 Rb4 78. Kd5 Ke7 79. Ke5 Kf7 80. Kf5 Kg7 81. Ke6 Kg6 82. Ke5 h5 83. Ke6 h4 84. Ke5 Rb3 85. Ke4 Kf6 86. Kd5 Rd3+ 87. Ke4 Rd2 88. Ke3 Rh2 89. Ke4 Ke6 90. Kd4 Kd6 91. Ke4 Kc5 92. Kf5 Kb4 93. Kxg5 Kxa4 94. Kxh4 Kb3 95. Kg3 Rc2 96. g5 Rc1 97. Rxb2+ Kxb2 98. h4 a4 0-1

[Event "75th UKR-ch"]
[Site "Poltava UKR"]
[Date "2006.11.26"]
[Round "2.1"]
[White "Drozdovskij, Yuri"]
[WhiteElo "2561"]
[Black "Brodsky, Mikhail"]
[BlackElo "2566"]
[Result "1/2-1/2"]
[EventDate "2006.11.??"]
[PlyCount "51"]

1. d4 Nf6 2. c4 e6 3. Nc3 Bb4 4. Qc2 d5 5. a3 Bxc3+ 6. Qxc3 Ne4 7. Qc2 c5 8. dxc5 Nc6 9. cxd5 exd5 10. Nf3 Qa5+ 11. Bd2 Nxd2 12. Qxd2 Qxc5 13. Rc1 Qb6 14. e3 O-O 15. Be2 Bg4 16. O-O Rad8 17. h3 Bh5 18. g4 Bg6 19. Rfd1 Rfe8 20. Nd4 h6 21. Nxc6 bxc6 22. b4 Rd6 23. Qd4 Qb8 24. Qf4 Qd8 25. Rd4 a5 26. b5 1/2-1/2

[Event "75th UKR-ch"]
[Site "Poltava UKR"]
[Date "2006.11.27"]
[Round "2.2"]
[White "Brodsky, Mikhail"]
[WhiteElo "2566"]
[Black "Drozdovskij, Yuri"]
[BlackElo "2561"]
[Result "1/2-1/2"]
[EventDate "2006.11.??"]
[PlyCount "69"]

1. d4 d5 2. c4 c6 3. Nc3 Nf6 4. e3 a6 5. Nf3 e6 6. Qc2 c5 7. cxd5 exd5 8. Be2 cxd4 9. Nxd4 Bd6 10. O-O O-O 11. Rd1 Nc6 12. Bf3 Re8 13. h3 Bc7 14. Nce2 Qd6 15. Ng3 Nxd4 16. Rxd4 Bb6 17. Rd1 Be6 18. Bd2 Rac8 19. Qd3 Qe5 20. Bc3 Qg5 21. Bxf6 Qxf6 22. Qb3 Bc7 23. Bxd5 Bxg3 24. fxg3 Bxd5 25. Rxd5 Qe6 26. Re1 b5 27. Qd3 h6 28. a3 Rc2 29. Qxc2 Qxd5 30. g4 Qe5 31. Qd2 Re6 32. Qd8+ Kh7 33. Qd3+ Kg8 34. Qc2 Qg3 35. Qf2 1/2-1/2

[Event "75th UKR-ch"]
[Site "Poltava UKR"]
[Date "2006.11.27"]
[Round "2.3"]
[White "Drozdovskij, Yuri"]
[WhiteElo "2561"]
[Black "Brodsky, Mikhail"]
[BlackElo "2566"]
[Result "1/2-1/2"]
[EventDate "2006.11.??"]
[PlyCount "81"]

1. d4 Nf6 2. c4 e6 3. Nc3 Bb4 4. Qc2 d5 5. cxd5 exd5 6. Bg5 c5 7. e3 cxd4 8. exd4 O-O 9. Bd3 h6 10. Bh4 Nc6 11. Nge2 Be7 12. a3 Be6 13. O-O Rc8 14. Rac1 a6 15. Rfd1 b5 16. Qb1 Na5 17. Rc2 Qd6 18. Qa2 Nc4 19. Rdc1 Ne4 20. Bxe7 Qxe7 21. Nd1 Qd6 22. f3 Nf6 23. Nf2 Rfe8 24. Rc3 Bd7 25. Qa1 a5 26. R3c2 b4 27. axb4 axb4 28. b3 Ra8 29. Ra2 Na3 30. Rc5 Rac8 31. Rxc8 Rxc8 32. Qd1 Qb6 33. Qd2 Qd6 34. Ra1 Bb5 35. Rc1 Rxc1+ 36. Qxc1 Bd7 37. Qc5 Ne8 38. Qxd6 Nxd6 39. Kf1 Nf5 40. Ke1 Nb5 41. Nf4 1/2-1/2

[Event "75th UKR-ch"]
[Site "Poltava UKR"]
[Date "2006.11.27"]
[Round "2.4"]
[White "Brodsky, Mikhail"]
[WhiteElo "2566"]
[Black "Drozdovskij, Yuri"]
[BlackElo "2561"]
[Result "1/2-1/2"]
[EventDate "2006.11.??"]
[PlyCount "78"]

1. d4 d5 2. c4 c6 3. Nc3 e6 4. e3 Nf6 5. cxd5 exd5 6. Qc2 c5 7. Nf3 cxd4 8. exd4 a6 9. Bg5 Be7 10. Rc1 O-O 11. Be2 Nc6 12. Ne5 h6 13. Nxc6 bxc6 14. Bf4 Bd6 15. Bxd6 Qxd6 16. Rd1 c5 17. dxc5 Qxc5 18. Qd2 Be6 19. Qd4 Rfc8 20. Na4 Qxd4 21. Rxd4 Rc6 22. f3 a5 23. Bb5 Rc7 24. Nc3 Rb8 25. a4 Kf8 26. Kf2 Rc5 27. Re1 Ne8 28. Red1 Nc7 29. R1d2 Ke7 30. f4 Kf6 31. Be2 Rc6 32. Nb5 Na6 33. Na7 Rcb6 34. Bxa6 Rxa6 35. Nb5 Rab6 36. b4 axb4 37. Rxb4 Ra6 38. Rbd4 Rc8 39. h3 h5 1/2-1/2

[Event "75th UKR-ch"]
[Site "Poltava UKR"]
[Date "2006.11.26"]
[Round "2.1"]
[White "Eljanov, Pavel"]
[WhiteElo "2658"]
[Black "Zubov, Alexander"]
[BlackElo "2537"]
[Result "1/2-1/2"]
[EventDate "2006.11.??"]
[PlyCount "53"]

1. d4 Nf6 2. c4 e6 3. Nf3 b6 4. Nc3 Bb7 5. Bg5 h6 6. Bh4 Be7 7. e3 Ne4 8. Nxe4 Bxe4 9. Bg3 O-O 10. Bd3 Bxd3 11. Qxd3 d6 12. e4 Nd7 13. O-O Qc8 14. Ne1 Qb7 15. Nc2 c5 16. d5 exd5 17. exd5 Rfe8 18. Rae1 Bf8 19. f4 a6 20. a4 Rab8 21. f5 Rxe1 22. Rxe1 b5 23. axb5 axb5 24. Na3 bxc4 25. Nxc4 Nb6 26. Nxd6 Qxd5 27. Qxd5 1/2-1/2

[Event "75th UKR-ch"]
[Site "Poltava UKR"]
[Date "2006.11.27"]
[Round "2.2"]
[White "Zubov, Alexander"]
[WhiteElo "2537"]
[Black "Eljanov, Pavel"]
[BlackElo "2658"]
[Result "1/2-1/2"]
[EventDate "2006.11.??"]
[PlyCount "42"]

1. d4 Nf6 2. c4 e6 3. Nc3 Bb4 4. Qc2 O-O 5. a3 Bxc3+ 6. Qxc3 b6 7. Bg5 Bb7 8. f3 d6 9. e3 Nbd7 10. Bd3 c5 11. Ne2 Rc8 12. Qd2 cxd4 13. exd4 Ba6 14. Rc1 d5 15. cxd5 Bxd3 16. Qxd3 Rxc1+ 17. Nxc1 exd5 18. Ne2 h6 19. Bh4 Re8 20. O-O Nf8 21. Qb5 Qd7 1/2-1/2

[Event "75th UKR-ch"]
[Site "Poltava UKR"]
[Date "2006.11.27"]
[Round "2.3"]
[White "Eljanov, Pavel"]
[WhiteElo "2658"]
[Black "Zubov, Alexander"]
[BlackElo "2537"]
[Result "1-0"]
[EventDate "2006.11.??"]
[PlyCount "99"]

1. d4 Nf6 2. c4 e6 3. Nf3 b6 4. g3 Bb7 5. Bg2 Bb4+ 6. Bd2 a5 7. O-O O-O 8. Nc3 d6 9. d5 exd5 10. Nxd5 Bxd2 11. Qxd2 Nbd7 12. Nd4 Nc5 13. Rfe1 Bxd5 14. cxd5 Re8 15. Qc2 h5 16. e4 h4 17. Rad1 Qd7 18. Nf5 hxg3 19. hxg3 Qa4 20. Qxa4 Nxa4 21. Rd2 Nc5 22. f3 b5 23. Nd4 b4 24. Nb5 Re7 25. Bh3 Nfd7 26. Bxd7 Rxd7 27. Kf2 a4 28. Nd4 g6 29. g4 Kg7 30. Rh1 Kf6 31. Kg3 b3 32. a3 Rdd8 33. Rdh2 Rf8 34. Kf4 Ke7 35. Ke3 Kd7 36. Rh7 Rae8 37. Rg7 Nb7 38. Rhh7 Nd8 39. Rxg6 Rh8 40. Rgg7 Rxh7 41. Rxh7 Kc8 42. Kd3 Kb7 43. Kc4 Kb6 44. Kb4 Nb7 45. Kxa4 Nc5+ 46. Kb4 Ra8 47. Nxb3 Na4 48. Rh2 f6 49. Rc2 Kb7 50. Na5+ 1-0

[Event "75th UKR-ch"]
[Site "Poltava UKR"]
[Date "2006.11.27"]
[Round "2.4"]
[White "Zubov, Alexander"]
[WhiteElo "2537"]
[Black "Eljanov, Pavel"]
[BlackElo "2658"]
[Result "1/2-1/2"]
[EventDate "2006.11.??"]
[PlyCount "197"]

1. d4 Nf6 2. c4 e6 3. Nf3 d5 4. Nc3 Bb4 5. cxd5 exd5 6. Bg5 Nbd7 7. Qc2 c5 8. e3 O-O 9. Bd3 h6 10. Bh4 c4 11. Bf5 Nb6 12. O-O Bxc3 13. bxc3 Bxf5 14. Qxf5 Qd7 15. Qc2 Ne4 16. a4 f6 17. a5 Nc8 18. Ne1 Re8 19. f3 Ned6 20. Bf2 Ne7 21. Qb2 Nc6 22. Nc2 Re7 23. Bg3 Nf5 24. Rfe1 Rae8 25. Bf2 Nd6 26. Bg3 Nf5 27. Bf2 Nd6 28. Qa3 Nb5 29. Qb2 Nd6 30. Reb1 Kh8 31. Qa3 a6 32. Rb6 Nb5 33. Qb2 Nca7 34. Rb1 Nc8 35. Rxb5 axb5 36. Qxb5 Na7 37. Qc5 Nc6 38. Rb5 Rd8 39. h3 Qd6 40. Qxd6 Rxd6 41. Bg3 Rd8 42. Kf2 Kg8 43. Rc5 Re6 44. e4 dxe4 45. d5 Ne5 46. Bxe5 Rxe5 47. Ne3 exf3 48. gxf3 Ree8 49. Rb5 Re7 50. Rc5 Ree8 51. Rb5 Re7 52. f4 Rc7 53. Kf3 Re7 54. Rc5 Ree8 55. Rb5 Re7 56. Nf5 Red7 57. Ke4 g6 58. Nd4 Re8+ 59. Ne6 Kf7 60. f5 gxf5+ 61. Kxf5 Rxd5+ 62. Rxd5 Rxe6 63. Rc5 Re7 64. h4 h5 65. Rb5 Rd7 66. Rc5 Re7 67. Rd5 Rc7 68. Ke4 Kg6 69. Kd4 Rc6 70. Rb5 Rc7 71. Kd5 Rf7 72. Kxc4 Re7 73. Kd4 Rd7+ 74. Rd5 Re7 75. c4 f5 76. Re5 Rd7+ 77. Rd5 Re7 78. Re5 Rd7+ 79. Ke3 Kf6 80. Rb5 Re7+ 81. Kd3 f4 82. Kd4 Kg6 83. Rg5+ Kf6 84. c5 Re1 85. Rg8 Kf5 86. a6 bxa6 87. c6 Rc1 88. Rg5+ Ke6 89. Rg6+ Kf5 90. Rg5+ Ke6 91. Rxh5 f3 92. Rh6+ Kf5 93. Ke3 Rc3+ 94. Kf2 Kg4 95. h5 a5 96. Rf6 Kxh5 97. Rxf3 Rxc6 98. Rf5+ Kg6 99. Rxa5 1/2-1/2

[Event "75th UKR-ch"]
[Site "Poltava UKR"]
[Date "2006.11.26"]
[Round "2.1"]
[White "Kravtsiv, Martyn"]
[WhiteElo "2446"]
[Black "Kuzubov, Yuriy"]
[BlackElo "2559"]
[Result "1/2-1/2"]
[EventDate "2006.11.??"]
[PlyCount "45"]

1. e4 c5 2. Nf3 Nc6 3. Nc3 e5 4. Bc4 d6 5. d3 Be7 6. O-O Nf6 7. Ng5 O-O 8. f4 Bg4 9. Qd2 exf4 10. Qxf4 Ne5 11. Nd5 h6 12. Nf3 Nxd5 13. Bxd5 Nxf3+ 14. gxf3 Be6 15. Bxe6 fxe6 16. Qg4 Rf6 17. Kh1 Qf8 18. f4 Qf7 19. Rg1 Kh7 20. Bd2 Rg6 21. Qh3 Rxg1+ 22. Rxg1 Bf6 23. Bc3 1/2-1/2

[Event "75th UKR-ch"]
[Site "Poltava UKR"]
[Date "2006.11.27"]
[Round "2.2"]
[White "Kuzubov, Yuriy"]
[WhiteElo "2559"]
[Black "Kravtsiv, Martyn"]
[BlackElo "2446"]
[Result "1/2-1/2"]
[EventDate "2006.11.??"]
[PlyCount "38"]

1. Nf3 Nf6 2. c4 e6 3. Nc3 d5 4. d4 Be7 5. Bg5 O-O 6. e3 b6 7. Qc2 Ba6 8. Qa4 c6 9. Bxf6 Bxf6 10. cxd5 Bxf1 11. Kxf1 cxd5 12. Ke2 Qd7 13. Qxd7 Nxd7 14. Rac1 a6 15. Rc2 Rfc8 16. Rhc1 Bd8 17. Kd3 Rc7 18. a4 Rac8 19. Nd2 Nb8 1/2-1/2

[Event "75th UKR-ch"]
[Site "Poltava UKR"]
[Date "2006.11.27"]
[Round "2.3"]
[White "Kuzubov, Yuriy"]
[WhiteElo "2559"]
[Black "Kravtsiv, Martyn"]
[BlackElo "2446"]
[Result "1/2-1/2"]
[EventDate "2006.11.??"]
[PlyCount "103"]

1. d4 Nf6 2. c4 e6 3. Nc3 Bb4 4. g3 c5 5. Nf3 Ne4 6. Qd3 d5 7. Bg2 Nc6 8. O-O cxd4 9. cxd5 exd5 10. Nxd4 Bxc3 11. bxc3 O-O 12. Rd1 Qe7 13. Bf4 Ne5 14. Bxe5 Qxe5 15. Rac1 Bd7 16. Nf3 Qe7 17. Qxd5 Bc6 18. Qd4 Rfe8 19. Qe3 Qf6 20. Nd4 Nc5 21. Qf4 Qxf4 22. gxf4 Bxg2 23. Kxg2 g6 24. Kf3 Rac8 25. Nb5 Rc6 26. Rd6 Rxd6 27. Nxd6 Rd8 28. Nc4 Na4 29. Ke3 Rc8 30. Kd4 Rd8+ 31. Ke3 Rc8 32. Nd6 Rxc3+ 33. Rxc3 Nxc3 34. a3 b6 35. Kd3 Nd5 36. e3 a6 37. Kd4 Nc7 38. Nc4 Kf8 39. Kc3 b5 40. Ne5 Ke7 41. Kb4 f6 42. Nc6+ Kd6 43. Nb8 f5 44. Ka5 Kc5 45. f3 Nd5 46. e4 fxe4 47. fxe4 Nxf4 48. Nxa6+ Kc6 49. Nb4+ Kc5 50. Na6+ Kc6 51. Nb8+ Kc5 52. Na6+ 1/2-1/2

[Event "75th UKR-ch"]
[Site "Poltava UKR"]
[Date "2006.11.27"]
[Round "2.4"]
[White "Kravtsiv, Martyn"]
[WhiteElo "2446"]
[Black "Kuzubov, Yuriy"]
[BlackElo "2559"]
[Result "0-1"]
[EventDate "2006.11.??"]
[PlyCount "66"]

1. e4 c5 2. b4 cxb4 3. a3 b3 4. cxb3 d5 5. exd5 Nf6 6. Bb5+ Bd7 7. Bc4 g6 8. Bb2 Bg7 9. Nc3 O-O 10. a4 Bg4 11. f3 Bc8 12. Nge2 b6 13. b4 Bb7 14. Qb3 a5 15. b5 Nbd7 16. d4 Rc8 17. Ba3 Ne8 18. O-O Nd6 19. Bd3 Nf6 20. Kh1 Rc7 21. Ne4 Nxd5 22. Nxd6 exd6 23. Be4 Ne7 24. Rad1 Re8 25. d5 Nf5 26. Qd3 Bc8 27. Rc1 Rxc1 28. Rxc1 Bd7 29. Qb3 Qg5 30. Rc7 Qd2 31. Ng1 Ne3 32. Rc2 Nxc2 33. Bxc2 Re1 0-1

[Event "75th UKR-ch"]
[Site "Poltava UKR"]
[Date "2006.11.26"]
[Round "2.1"]
[White "Sumets, Andrei"]
[WhiteElo "2523"]
[Black "Areschenko, Alexander"]
[BlackElo "2640"]
[Result "1/2-1/2"]
[EventDate "2006.11.??"]
[PlyCount "37"]

1. d4 d5 2. c4 c6 3. cxd5 cxd5 4. Nc3 Nf6 5. Nf3 Nc6 6. Bf4 Bf5 7. Qb3 Na5 8. Qa4+ Bd7 9. Qc2 Rc8 10. e3 e6 11. Bd3 Nc4 12. O-O Qb6 13. Rab1 Bb4 14. Ne5 Nxe5 15. Bxe5 Ng4 16. Bg3 f5 17. h3 Nf6 18. a3 Bd6 19. Bxd6 1/2-1/2

[Event "75th UKR-ch"]
[Site "Poltava UKR"]
[Date "2006.11.27"]
[Round "2.2"]
[White "Areschenko, Alexander"]
[WhiteElo "2640"]
[Black "Sumets, Andrei"]
[BlackElo "2523"]
[Result "1-0"]
[EventDate "2006.11.??"]
[PlyCount "53"]

1. e4 e6 2. d4 d5 3. Nc3 Nf6 4. Bg5 dxe4 5. Nxe4 Nbd7 6. Nf3 h6 7. Nxf6+ Nxf6 8. Be3 Nd5 9. Bd3 Bd6 10. Bd2 b6 11. Ne5 O-O 12. Qg4 f5 13. Qe2 c5 14. dxc5 bxc5 15. O-O-O Qc7 16. Rhe1 Rb8 17. Bc4 Bb7 18. g4 Bxe5 19. Qxe5 Qxe5 20. Rxe5 fxg4 21. Rxe6 Kh8 22. Re5 Nb4 23. a3 Nc6 24. Bc3 Nd4 25. Rxd4 cxd4 26. Bxd4 Kh7 27. Bd3+ 1-0